| 000 | 00578nam a2200241 a 4500 | ||
|---|---|---|---|
| 001 | nice12345678 | ||
| 003 | IN_TiNIC | ||
| 005 | 20260116012448.0 | ||
| 008 | 050524s1980 dela grp 000 0 eng | ||
| 020 |
_a _c75 |
||
| 082 | 0 | 0 |
_a500.80297 _bMAT |
| 100 | _aMatin, Hafiz M | ||
| 245 | _aDivine Drama of Creation | ||
| 260 |
_aDelhi _bIdara-I-Adabiyat-I-Dilli _c1980 |
||
| 300 | _a180p | ||
| 500 | _aincludes index and biblioraphy | ||
| 505 | 2 | _aIndex | |
| 650 | _aQuran and Science | ||
| 700 | 1 | _aMatin, Hafiz M | |
| 902 | _bSRS | ||
| 942 | _cBK | ||
| 999 |
_c7113 _d7113 |
||